Pod hladinou 33 kapitol o tajomstvách šachu

Bibliographic Details
Main Author: Markoš, Ján, 1985- (Author)
Other Authors: Kučerová, Jaroslava (Illustrator), Babula, Vlastimil (Author of introduction, etc.)
Format: Book
Language:Slovak
PhysicalDescription:318 strán ilustrácie, ukážky 24 cm
Published: České Budĕjovice Ing. Eliška Richtrová 2018
ISBN:9788027042531
Edition:Druhé doplnĕné vydání
Subjects:

MARC

LEADER 00000cam a2200000 4500
001 vtls011789366
003 SK-MaSNL
005 20260301050051.0
008 210624s2018 xr al grf 000 0 slo
015 |a SNBZSA2020/02 
020 |a 9788027042531  |q (viazané) 
035 |a urn:nbn:sk:snk-am00edj3 
035 |a urn:nbn:sk:snk-am3igu4 
035 |a FC424466-71C5-40E5-8092-94F3CB3BF327 
040 |a SNK  |b slo  |c SNK  |e rda 
041 0 |a slo 
044 |a xr  |c CZ 
072 7 |a 794  |x Doskové a stolové hry, logické hry, hry zručnosti, krížovky  |2 konspekt 
080 |a 794.1  |2 2011 
080 |a 794.12  |2 2011 
080 |a (035)  |2 2011 
100 1 |a Markoš, Ján,  |d 1985-  |4 aut  |9 52772 
245 1 0 |a Pod hladinou  |b 33 kapitol o tajomstvách šachu  |c Ján Markoš ; ilustrace: Jaroslava Kučerová 
246 3 0 |a 33 kapitol o tajomstvách šachu 
246 3 |a Tridsať tri kapitol o tajomstvách šachu 
250 |a Druhé doplnĕné vydání 
264 1 |a České Budĕjovice  |b Ing. Eliška Richtrová  |c 2018 
300 |a 318 strán  |b ilustrácie, ukážky  |c 24 cm 
336 |a text  |b txt  |2 rdacontent 
337 |a bez média  |b n  |2 rdamedia 
338 |a zväzok  |b nc  |2 rdacarrier 
366 |e 800 kusov 
500 |a Obsahuje terminologický slovník na strane 311-318 
650 0 7 |a šach  |2 SNKPH  |9 3315 
650 0 7 |a šachové partie  |2 SNKPH  |9 84978 
650 0 7 |a Chess  |2 SNKPHeng  |9 309843 
650 0 7 |a Chess games  |2 SNKPHeng  |9 335420 
655 7 |a príručky  |2 SNKPH  |9 74364 
655 7 |a Handbooks, manuals, etc.  |2 SNKPHeng  |9 90964 
700 1 |a Kučerová, Jaroslava  |4 ill  |9 333540 
700 1 |a Babula, Vlastimil  |4 aui  |9 355084 
919 |a 978-80-270-4253-1 
958 |a NB 
958 |a ZS 
999 |c 600071  |d 602001 
952 |a SNK  |b SNK  |y PREZ  |7 0  |p 17A1374955  |o snkSC 185547  |i snk2019/21076  |8 4  |g 18.65  |0 0  |1 0  |4 0  |d 2019-04-17  |f 1  |l 0  |r 2026-02-23 15:51:41  |w 2026-02-23 
952 |a SNK  |b SNK  |y VYP  |7 0  |p 17A1416821  |o snkSC 185547 D1  |i snk2020/9063  |8 4  |g 18.65  |0 0  |1 0  |4 0  |d 2019-04-24  |l 0  |r 2026-02-23 15:51:41  |w 2026-02-23